MARC

LEADER 00000nam0a2200000 4500
001 24339
005 20241126155018.0
010 |a 5799001117 
035 |a (RuTPU)RU\TPU\book\24566 
035 |a BOOK00024639 
090 |a 24339 
100 |a 20011209d2000 k y0rusy50 ca 
101 0 |a rus 
102 |a RU 
105 |a y g 000zy 
200 1 |a История России с древнейших времен до ХХ века  |e Справочник студента  |f Н. В. Стариков 
210 |a Москва  |c Приор  |d 2000 
215 |a 463 с. 
320 |a Библиогр.: с. 456-461 
606 |a Россия  |x История  |9 81526 
610 1 |a справочники 
610 1 |a славяне 
610 1 |a мифология 
610 1 |a персоналии 
610 1 |a государственные деятели 
610 1 |a политические деятели 
610 1 |a православная церковь 
610 1 |a культура 
610 1 |a 9-20 века 
686 |a Т3(2)я2  |2 rubbk 
700 1 |a Стариков  |b Н. В.  |g Николай Васильевич 
801 0 |a RU  |b 63413507  |c 20011209  |g PSBO 
801 2 |a RU  |b 63413507  |c 20081210  |g PSBO 
942 |c BK